18 joueurs de Ligue 1 à retrouver (2024-2025) - Statistiques

Statistiques générales
  • Ce quiz a été pris 232 fois
  • Le résultat moyen est 12 sur 18
Statistiques - réponses
Par images Réponse % Correct
Georges Mikautadze
95%
André Ayew
93%
Joao Neves
93%
Luis Henrique
90%
Marco Bizot
76%
Lucas Stassin
70%
Keito Nakamura
69%
Matthis Abline
68%
Esteban Lepaul
65%
Ayyoub Bouaddi
64%
Wilfried Singo
64%
Guéla Doue
63%
Joris Chotard
63%
Hamed Junior Traoré
52%
Hans Hateboer
51%
Mbala Nzola
47%
Vincent Sierro
46%
Youssouf Ndayishimiye
25%
Aucun quiz correspondant
Distribution des résultats
% des personnes avec chaque résultat
Percentile par nombre de réponses
Votre historique - résultats
Vous n’avez pas pris ce quiz